The Legend Of Zelda BOTW - Statistics

General Stats
  • This quiz has been taken 1,003 times
  • The average score is 12 of 15
Answer Stats
TheHint Answer % Correct
The Hero Link
100%
The Princess' name Zelda
100%
The villian the hero defeats Ganon
97%
How many hearts do you start with? 3
96%
How long was the hero Sleeping? 100 years
95%
The heroes legendary blade Master Sword
95%
Who did the old man turn out to be? The King
94%
The Zora champion Mipha
92%
The Goron champion Daruk
88%
The Rito Champion Revali
87%
The Gerudo champion Urbosa
84%
The weird scientist in Akaala Robbie
71%
Who is the bird that tells you ancient songs? Kass
65%
Where is Korok Forest? Lost woods
41%
The thing The Hero carries on his adventure Shiekah slate
28%
No matching quizzes found
Score Distribution
Percent of People with Each Score
Percentile by Number Answered
Your Score History
You have not taken this quiz